|
|
|
|
| LEADER |
00000cam a2200000 7i4500 |
| 001 |
0000117708 |
| 005 |
20080318.0 |
| 020 |
|
|
|a 9789831952924
|
| 090 |
0 |
0 |
|a 959.51
|b MAR
|
| 100 |
0 |
|
|a Maruwiah Ahmat
|
| 245 |
1 |
0 |
|a Pulau Pinang Pulau Mutiara
|c Maruwiah Ahmat
|
| 260 |
|
|
|a Shah Alam :
|b Karisma Publications Sdn. Bhd. ,
|c 2008
|
| 300 |
|
|
|a 39p. :
|b ill. ;
|c 27cm.
|
| 490 |
0 |
|
|a Kenali negeri kita
|
| 651 |
|
0 |
|a Pulau Pinang
|x Description and travel
|x Juvenile literature
|
| 651 |
|
0 |
|a Pulau Pinang
|x History
|x Juvenile literature
|
| 651 |
|
0 |
|a Pulau Pinang
|x Politics and government
|x Juvenile literature
|
| 999 |
|
|
|a 00211073
|b BUKU
|c MALAYSIANA
|e PERPUSTAKAAN KOMUNITI PETALING JAYA
|
| 999 |
|
|
|a 00211095
|b BUKU
|c JUNIOR REFERENCE
|e PERPUSTAKAAN KOMUNITI PETALING JAYA
|
| 999 |
|
|
|a 00211096
|b BUKU
|c JUNIOR REFERENCE
|e PERPUSTAKAAN KOMUNITI CAW KOTA DAMANSARA
|